Návrh modelu enviromentálnej výchovy pre a. s. SACHS Slovakia, Trnava : Diplomová práca

Salvato in:
Dettagli Bibliografici
Autore principale: Hajdinová, Lenka (Autore)
Altri autori: Polívka, Ľudovít (xxx)
Natura: Manoscritto Libro
Lingua:slovacco
Pubblicazione: Trnava : STU v Bratislave MtF KEBI, 2002
Soggetti:
Tags: Aggiungi Tag
Nessun Tag, puoi essere il primo ad aggiungerne!!

MARC

LEADER 00000ntm a22000003a 4500
001 stu76877
005 20160719155034.4
008 020729s2002----xo------------------slo-d
040 |a STU  |b slo 
041 0 |a slo 
044 |a xo 
100 1 |a Hajdinová, Lenka  |4 aut 
245 1 |a Návrh modelu enviromentálnej výchovy pre a. s. SACHS Slovakia, Trnava :  |b Diplomová práca 
260 |a Trnava :  |b STU v Bratislave MtF KEBI,  |c 2002 
300 |a 64 s  |c abstr. 
650 7 |a environmentálna výchova  |2 stusub 
650 7 |a podnikové vzdelávanie  |2 stusub 
650 7 |a životné prostredie  |2 stusub 
700 1 |a Polívka, Ľudovít  |4 xxx  |u M390  |U MTF Materiálovotechnologická fakulta  |T MTF Katedra environmentálneho a bezpečnostného inžinierstva  |U M390  |Y 177